[Event "32nd GER-ch Seniors-65 2020"]
[Site "Magdeburg"]
[Date "2020.08.16"]
[Round "3.8"]
[White "Kierzek, Mira"]
[Black "Zimmermann, Rolf"]
[Result "1/2-1/2"]
[WhiteElo "2001"]
[BlackElo "2101"]
[Annotator "ChessBase"]
[PlyCount "49"]
[EventDate "2020.08.14"]
[EventType "swiss"]
[EventCountry "GER"]
[SourceTitle "playchess.com"]
[Source "ChessBase"]
[SourceQuality "1"]
[TimeControl "40/5400+30:1800+30"]

1. Nf3 {[%emt 0:00:00]} d5 {[%emt 0:00:17]} 2. d4 {[%emt 0:00:00]} Nf6 {[%emt 0:01:54]} 3. g3 {[%emt 0:01:55]} e6 {[%emt 0:01:40]} 4. Bg2 {[%emt 0:00:09]} c5 {[%emt 0:01:19]} 5. O-O {[%emt 0:00:19]} Nc6 {[%emt 0:00:34]} 6. a3 {[%emt 0:01:22]} Bd7 {[%emt 0:04:35]} 7. dxc5 {[%emt 0:05:19]} Bxc5 {[%emt 0:00:59]} 8. b4 {[%emt 0:00:16]} Bd6 {[%emt 0:11:03]} 9. c4 {[%emt 0:06:11]} Ne5 {[%emt 0:08:42]} 10. cxd5 {[%emt 0:02:12]} exd5 {[%emt 0:04:44]} 11. Bb2 {[%emt 0:06:07]} Qe7 {[%emt 0:05:05]} 12. Nbd2 {[%emt 0:12:14]} O-O {[%emt 0:02:19]} 13. Re1 {[%emt 0:11:44]} a5 {[%emt 0:15:35]} 14. bxa5 {[%emt 0:14:26]} Rxa5 {[%emt 0:00:30]} 15. e4 dxe4 16. Nxe4 {[%emt 0:10:29]} Nxf3+ {[%emt 0:24:10]} 17. Bxf3 {[%emt 0:02:29]} Nxe4 {[%emt 0:00:01]} 18. Bxe4 {[%emt 0:02:30]} Be6 {[%emt 0:00:06]} 19. Qd2 {[%emt 0:05:08]} Rfa8 {[%emt 0:01:18]} 20. Qd4 {[%emt 0:12:13]} Qf8 {[%emt 0:04:19]} 21. Bxb7 {[%emt 0:01:29]} R8a7 {[%emt 0:01:01]} 22. Be4 {[%emt 0:00:49]} Bxa3 {[%emt 0:01:24]} 23. Bxa3 {[%emt 0:00:18]} Rxa3 {[%emt 0:00:11]} 24. Rxa3 {[%emt 0:00:21]} Rxa3 {[%emt 0:00:17]} 25. Rd1 {[%emt 0:00:28]} 1/2-1/2

[Event "32nd GER-ch Seniors-65 2020"]
[Site "Magdeburg"]
[Date "2020.08.16"]
[Round "3.9"]
[White "Lorenz, Dietmar"]
[Black "Waagener, Ulrich"]
[Result "0-1"]
[WhiteElo "2001"]
[BlackElo "2081"]
[Annotator "NA"]
[PlyCount "108"]
[EventDate "2020.08.14"]
[EventType "swiss"]
[EventCountry "GER"]
[SourceTitle "playchess.com"]
[Source "ChessBase"]
[SourceQuality "1"]
[TimeControl "40/5400+30:1800+30"]

1. Nf3 {[%emt 0:00:00]} d5 {[%emt 0:00:30]} 2. c4 {[%emt 0:00:00]} dxc4 {[%emt 0:00:57]} 3. e3 {[%emt 0:00:00]} Be6 {[%emt 0:03:26]} 4. Na3 {[%emt 0:00:13]} Nf6 {[%emt 0:05:25]} 5. Nxc4 {[%emt 0:00:12]} g6 {[%emt 0:01:21]} 6. d4 {[%emt 0:00:28]} Bg7 {[%emt 0:01:12] A09: Réti Opening: 1 Nf3 d5 2 c4.} 7. Bd3 {[%emt 0:03:18]} O-O {[%emt 0:01:34]} 8. O-O {[%emt 0:03:31]} c5 {[%emt 0:05:58] [#]} 9. Qc2 $146 {[%emt 0:06:00]} ({Predecessor:} 9. dxc5 Nc6 10. Nce5 Nxe5 11. Nxe5 Qd5 12. Nf3 Qxc5 13. Nd4 {0-1 (23) Greet,A (2449)-Dearing,E (2411) England 2012}) 9... Nc6 {[%emt 0:02:10]} 10. Nce5 $1 {[%emt 0:04:16]} cxd4 {[%emt 0:01:47]} 11. Nxc6 {[%emt 0:00:24]} bxc6 {[%emt 0:00:15]} 12. Nxd4 {[%emt 0:01:05]} Bd5 {[%emt 0:02:27]} 13. Ne2 {[%emt 0:07:31]} Qd7 {[%emt 0:08:34]} 14. e4 {[%emt 0:07:08]} Be6 {[%emt 0:00:16]} 15. Rd1 {[%emt 0:01:25]} Qb7 {[%emt 0:04:35]} 16. Bd2 {[%emt 0:04:39]} (16. Nf4 $14) 16... Rfd8 {[%emt 0:05:47]} 17. Bc3 {[%emt 0:00:16]} Nh5 {[%emt 0:05:17]} 18. Bxg7 {[%emt 0:00:19]} Nxg7 {[%emt 0:00:11]} 19. b3 {[%emt 0:01:45]} Qb6 {[%emt 0:02:48]} 20. h3 {[%emt 0:03:37]} Rd7 {[%emt 0:00:52]} 21. Rac1 {[%emt 0:10:27]} Rad8 {[%emt 0:00:40]} 22. Kf1 {[%emt 0:00:30]} Nh5 {[%emt 0:00:30]} 23. Qc3 {[%emt 0:00:30]} Qc7 {[%emt 0:00:30]} 24. Bc2 {[%emt 0:00:30]} c5 {[%emt 0:00:30]} 25. Rxd7 {[%emt 0:00:30]} Rxd7 {[%emt 0:00:30]} 26. Rd1 {[%emt 0:00:30]} Rxd1+ {[%emt 0:00:30]} 27. Bxd1 {[%emt 0:14:36]} f6 {[%emt 0:16:34]} 28. Kg1 {[%emt 0:04:47]} Kf7 {[%emt 0:01:57]} 29. Qc2 {[%emt 0:02:07]} Qa5 {[%emt 0:02:11]} 30. Kf1 {[%emt 0:01:00]} Qb4 {[%emt 0:01:18]} 31. g4 {[%emt 0:01:35]} Ng7 {[%emt 0:00:26]} 32. Nf4 {[%emt 0:00:13]} g5 {[%emt 0:03:47]} 33. Nxe6 {[%emt 0:01:33]} Nxe6 {[%emt 0:00:11]} 34. e5 {[%emt 0:02:58]} Qd4 {[%emt 0:01:32]} 35. Qxh7+ {[%emt 0:02:27]} Ke8 {[%emt 0:00:11]} 36. Bf3 {[%emt 0:07:23]} (36. Bc2 $11) 36... Qa1+ {[%emt 0:02:24]} 37. Kg2 {[%emt 0:00:00]} Nf4+ {[%emt 0:02:52]} 38. Kh2 {[%emt 0:00:02]} Qxa2 {[%emt 0:03:30]} 39. Kg3 {[%emt 0:05:18] [#]} Qxb3 $2 {[%emt 0:02:18]} (39... Qa1 $1 $17 {[%cal Ra1g1]} 40. Qh8+ Kd7) 40. exf6 {[%emt 0:01:20]} exf6 {[%emt 0:01:10]} 41. Qh8+ {[%emt 0:31:03]} Ke7 {[%emt 0:30:30]} 42. Qh7+ {[%emt 0:01:05]} Qf7 {[%emt 0:01:41]} 43. Qe4+ {[%emt 0:00:18]} Kf8 {[%emt 0:00:15]} 44. h4 {[%emt 0:02:04]} Qc7 {[%emt 0:03:51]} 45. hxg5 {[%emt 0:01:30]} Ne6+ {[%emt 0:01:26]} 46. Kg2 {[%emt 0:00:43]} Nxg5 {[%emt 0:00:18]} 47. Qf5 {[%emt 0:00:00]} (47. Qa8+ $1 $11 Ke7 48. Qg8) 47... Ke7 {[%emt 0:00:00]} 48. Bd5 {[%emt 0:00:00]} Qe5 {[%emt 0:00:00]} 49. Qxe5+ {[%emt 0:00:00]} fxe5 {[%emt 0:00:00]} 50. Kg3 $15 {[%emt 0:00:00]} Kd6 {[%emt 0:00:00]} 51. f4 {[%emt 0:00:00]} exf4+ {[%emt 0:00:00]} 52. Kxf4 {[%emt 0:00:00]} Kxd5 {[%emt 0:00:00]} 53. Kxg5 {[%emt 0:00:00]} c4 {[%emt 0:00:00]} 54. Kf4 {[%emt 0:00:00]} Kd4 0-1

[Event "32nd GER-ch Seniors-65 2020"]
[Site "Magdeburg"]
[Date "2020.08.16"]
[Round "3.10"]
[White "Pfitzer, Norbert"]
[Black "Braeunlin, Herbert"]
[Result "1-0"]
[WhiteElo "2068"]
[BlackElo "2031"]
[Annotator "ChessBase"]
[PlyCount "39"]
[EventDate "2020.08.14"]
[EventType "swiss"]
[EventCountry "GER"]
[SourceTitle "playchess.com"]
[Source "ChessBase"]
[SourceQuality "1"]
[TimeControl "40/5400+30:1800+30"]

1. Nf3 {[%emt 0:00:00]} d6 {[%emt 0:02:17]} 2. d4 {[%emt 0:00:00]} Bg4 {[%emt 0:03:29]} 3. Nbd2 {[%emt 0:02:40]} c6 {[%emt 0:00:38]} 4. h3 {[%emt 0:00:22]} Bh5 {[%emt 0:00:43]} 5. g4 {[%emt 0:03:46]} Bg6 {[%emt 0:00:03]} 6. Nh4 {[%emt 0:00:29]} e5 {[%emt 0:00:52]} 7. Nxg6 {[%emt 0:00:05]} hxg6 {[%emt 0:00:08]} 8. dxe5 {[%emt 0:00:32]} dxe5 {[%emt 0:00:02]} 9. Bg2 {[%emt 0:00:24]} f5 {[%emt 0:09:20]} 10. Nf3 {[%emt 0:03:28]} Nd7 {[%emt 0:15:50]} 11. c3 {[%emt 0:03:12]} Bc5 {[%emt 0:06:32]} 12. Qb3 {[%emt 0:01:53]} Ngf6 {[%emt 0:14:08]} 13. Ng5 {[%emt 0:13:52]} Qe7 {[%emt 0:00:19]} 14. Qxb7 {[%emt 0:01:45]} O-O {[%emt 0:00:08]} 15. Qxc6 {[%emt 0:02:49]} Rae8 {[%emt 0:00:07]} 16. gxf5 {[%emt 0:03:15]} gxf5 {[%emt 0:02:16]} 17. b4 {[%emt 0:02:59]} Bb6 {[%emt 0:05:17]} 18. Qc4+ {[%emt 0:00:28]} Kh8 {[%emt 0:00:02]} 19. Qh4+ {[%emt 0:00:07]} Kg8 {[%emt 0:00:11]} 20. Bd5+ 1-0

[Event "32nd GER-ch Seniors-65 2020"]
[Site "Magdeburg"]
[Date "2020.08.16"]
[Round "3.11"]
[White "Postler, Reinhard"]
[Black "Harringer, Manfred"]
[Result "0-1"]
[WhiteElo "2238"]
[BlackElo "2008"]
[Annotator "ChessBase"]
[PlyCount "84"]
[EventDate "2020.08.14"]
[EventType "swiss"]
[EventCountry "GER"]
[SourceTitle "playchess.com"]
[Source "ChessBase"]
[SourceQuality "1"]
[TimeControl "40/5400+30:1800+30"]

1. e4 {[%emt 0:00:00]} e5 {[%emt 0:00:00]} 2. Nf3 {[%emt 0:00:00]} Nc6 {[%emt 0:00:00]} 3. Bb5 {[%emt 0:00:00]} a6 {[%emt 0:00:01]} 4. Ba4 {[%emt 0:00:00]} Nf6 {[%emt 0:00:10]} 5. O-O {[%emt 0:00:01]} Be7 {[%emt 0:00:16]} 6. Re1 {[%emt 0:00:22]} b5 {[%emt 0:00:19]} 7. Bb3 {[%emt 0:00:02]} O-O {[%emt 0:02:10]} 8. a4 {[%emt 0:00:33]} Bb7 {[%emt 0:04:00]} 9. d3 {[%emt 0:01:45]} d6 {[%emt 0:01:09]} 10. Bd2 {[%emt 0:01:47]} Nb8 {[%emt 0:07:07]} 11. axb5 {[%emt 0:07:36]} axb5 {[%emt 0:00:14]} 12. Rxa8 {[%emt 0:01:23]} Bxa8 {[%emt 0:00:05]} 13. Nc3 {[%emt 0:01:42]} Bc6 {[%emt 0:12:31]} 14. d4 {[%emt 0:01:12]} b4 {[%emt 0:07:24]} 15. Nd5 {[%emt 0:00:20]} Bxd5 {[%emt 0:00:41]} 16. exd5 {[%emt 0:00:42]} exd4 {[%emt 0:11:40]} 17. Nxd4 {[%emt 0:00:28]} Nfd7 {[%emt 0:00:12]} 18. Bxb4 {[%emt 0:03:05]} Ne5 {[%emt 0:04:08]} 19. g3 {[%emt 0:14:28]} Bf6 {[%emt 0:00:44]} 20. Bc3 {[%emt 0:05:15]} Qc8 {[%emt 0:05:22]} 21. f4 {[%emt 0:04:45]} Ned7 {[%emt 0:00:30]} 22. Nc6 {[%emt 0:00:30]} Qb7 {[%emt 0:00:30]} 23. Bxf6 {[%emt 0:00:30]} Nxf6 {[%emt 0:00:30]} 24. Qf3 {[%emt 0:00:30]} Nbd7 {[%emt 0:00:30]} 25. Kg2 {[%emt 0:00:30]} Nc5 {[%emt 0:00:30]} 26. Re3 {[%emt 0:00:30]} h6 {[%emt 0:00:30]} 27. g4 {[%emt 0:00:30]} Re8 {[%emt 0:00:30]} 28. g5 {[%emt 0:00:30]} Rxe3 {[%emt 0:00:30]} 29. Qxe3 {[%emt 0:00:30]} hxg5 {[%emt 0:00:30]} 30. fxg5 {[%emt 0:19:57]} Nfe4 {[%emt 0:17:00]} 31. h4 {[%emt 0:01:45]} g6 {[%emt 0:08:13]} 32. h5 {[%emt 0:03:47]} gxh5 {[%emt 0:06:31]} 33. Qf4 {[%emt 0:01:24]} Qb5 {[%emt 0:02:29]} 34. Nd4 {[%emt 0:02:41]} Qa5 {[%emt 0:00:50]} 35. c3 {[%emt 0:01:53]} Qa1 {[%emt 0:00:11]} 36. Bc4 {[%emt 0:02:56]} Qxb2+ {[%emt 0:00:22]} 37. Be2 {[%emt 0:00:09]} Nxc3 {[%emt 0:02:24]} 38. g6 {[%emt 0:00:34]} fxg6 {[%emt 0:01:16]} 39. Qf6 {[%emt 0:00:04]} Nxe2 {[%emt 0:02:26]} 40. Qxg6+ {[%emt 0:00:13]} Kh8 {[%emt 0:00:10]} 41. Qh6+ {[%emt 0:33:39]} Kg8 {[%emt 0:30:44]} 42. Qg6+ {[%emt 0:00:04]} Kh8 0-1

[Event "32nd GER-ch Seniors-65 2020"]
[Site "Magdeburg"]
[Date "2020.08.16"]
[Round "3.12"]
[White "Schmidt, Joerg"]
[Black "Boidman, Yuri"]
[Result "1/2-1/2"]
[WhiteElo "2053"]
[BlackElo "2328"]
[Annotator "TA"]
[PlyCount "128"]
[EventDate "2020.08.14"]
[EventType "swiss"]
[EventCountry "GER"]
[SourceTitle "playchess.com"]
[Source "ChessBase"]
[SourceQuality "1"]

{[%evp 9,128,43,63,41,150,145,179,60,83,52,64,59,59,59,58,61,62,60,65,27,36,38,60,35,47,14,58,66,54,27,24,0,0,0,11,0,0,-6,0,-16,-22,-15,0,0,0,0,0,0,0,0,0,0,0,0,0,0,0,0,0,0,0,1,1,3,3,0,0,0,0,0,0,0,0,0,0,0,0,0,0,0,0,0,0,0,0,0,0,0,0,0,0,0,0,0,0,0,0,0,0,-8,-8,-8,-8,-8,-8,-8,-8,-8,-8,-8,-8,-8,-8,-28,-28,-28,-28,-29,-29,-29,-28]} 1. e4 d5 2. exd5 Nf6 3. d4 Bg4 4. Nf3 Qxd5 5. Be2 Nc6 6. h3 {B01: Scandinavian Defence.} Qh5 (6... Bxf3 $14 7. Bxf3 Qd7) 7. c3 O-O-O 8. Bf4 (8. O-O $18 Bxf3 9. Bxf3) 8... e6 9. Bh2 Bxf3 $1 10. Bxf3 Qb5 11. Qb3 {[#]} Qxb3 $146 ({Predecessor:} 11... Qa6 12. Nd2 Nd5 13. Be2 Qb6 14. Nc4 Qxb3 15. axb3 a6 16. O-O Be7 17. b4 Bf6 {1-0 (44) Ramirez,E-Leskovar,M Quilmes 1980}) 12. axb3 Nd5 13. Nd2 Bd6 14. g3 h5 15. Nc4 Be7 16. b4 {[#] Strongly threatening b5.} a6 17. Ne3 Bg5 (17... Ndxb4 $5 18. cxb4 Bxb4+ 19. Kf1 Nxd4 $14) 18. Nxd5 exd5 19. g4 hxg4 20. hxg4 Ne7 21. Bg3 c6 22. Rxh8 Rxh8 23. Ke2 Ng6 24. Rh1 Rxh1 25. Bxh1 Bf4 26. Bxf4 Nxf4+ $11 {[%mdl 4096] Endgame KB-KN} 27. Ke3 g5 28. Bf3 Kc7 29. Bd1 Kb6 30. b3 a5 31. bxa5+ Kxa5 32. Bc2 Kb6 33. Bf5 c5 34. Bd7 Kc7 35. Be8 cxd4+ 36. Kxd4 f6 $1 37. c4 dxc4 38. bxc4 b6 39. Ba4 Kd6 40. Ke4 Ne6 {[#] ...Nc5+ is the strong threat.} 41. Kf5 Ke7 42. Bd1 Nf4 43. Bc2 Nh3 44. f3 Nf4 45. Bd1 Ng2 {Threatens to win with ...Ne3+.} 46. Ke4 Kd6 47. Be2 Nf4 48. Bf1 Ke6 49. Kd4 $1 Ng6 50. Ke4 Ne5 51. Be2 Ng6 52. Bf1 Nf4 53. Kd4 f5 54. c5 bxc5+ 55. Kxc5 fxg4 56. fxg4 Ke5 57. Ba6 Ng2 58. Kc4 Ne3+ 59. Kd3 Nxg4 60. Ke2 Kf4 61. Kf1 Ne3+ {Black has an edge.} 62. Kg1 g4 63. Bc8 g3 64. Bb7 Nf5 {Accuracy: White = 85%, Black = 92%.} 1/2-1/2

[Event "32nd GER-ch Seniors-65 2020"]
[Site "Magdeburg"]
[Date "2020.08.17"]
[Round "4.1"]
[White "Waagener, Ulrich"]
[Black "Khanukov, Boris"]
[Result "1/2-1/2"]
[WhiteElo "2081"]
[BlackElo "2291"]
[Annotator "ChessBase"]
[PlyCount "108"]
[EventDate "2020.08.14"]
[EventType "swiss"]
[EventCountry "GER"]
[SourceTitle "playchess.com"]
[Source "ChessBase"]
[SourceQuality "1"]
[TimeControl "40/5400+30:1800+30"]

1. e4 {[%emt 0:00:00]} e5 {[%emt 0:00:00]} 2. Nf3 {[%emt 0:00:12]} Nc6 {[%emt 0:00:07]} 3. d4 {[%emt 0:00:54]} exd4 {[%emt 0:00:23]} 4. Nxd4 {[%emt 0:00:10]} Nf6 {[%emt 0:01:03]} 5. Nxc6 {[%emt 0:01:27]} bxc6 {[%emt 0:00:10]} 6. Nd2 {[%emt 0:02:13]} d5 {[%emt 0:04:39]} 7. exd5 {[%emt 0:03:12]} cxd5 {[%emt 0:00:11]} 8. Bb5+ {[%emt 0:00:23]} Bd7 {[%emt 0:00:16]} 9. Bxd7+ {[%emt 0:00:56]} Qxd7 {[%emt 0:00:13]} 10. O-O {[%emt 0:02:19]} Be7 {[%emt 0:00:21]} 11. Nf3 {[%emt 0:05:27]} O-O {[%emt 0:01:05]} 12. b3 {[%emt 0:04:21]} Ne4 {[%emt 0:19:31]} 13. Bb2 {[%emt 0:03:41]} Bf6 {[%emt 0:01:51]} 14. Bxf6 {[%emt 0:02:01]} Nxf6 {[%emt 0:00:05]} 15. Qd4 {[%emt 0:05:49]} Qd6 {[%emt 0:00:58]} 16. Rfe1 {[%emt 0:01:32]} c5 {[%emt 0:01:11]} 17. Qd3 {[%emt 0:04:19]} Rfe8 {[%emt 0:02:33]} 18. g3 {[%emt 0:01:07]} h6 {[%emt 0:01:37]} 19. Rad1 {[%emt 0:07:24]} Rad8 {[%emt 0:06:44]} 20. Kg2 {[%emt 0:09:44]} Qc7 {[%emt 0:09:13]} 21. Qb5 {[%emt 0:05:15]} Qb6 {[%emt 0:01:03]} 22. Rxe8+ {[%emt 0:02:30]} Rxe8 {[%emt 0:00:15]} 23. Qxb6 {[%emt 0:00:18]} axb6 {[%emt 0:00:03]} 24. a4 {[%emt 0:00:36]} Kf8 {[%emt 0:02:57]} 25. Nd2 {[%emt 0:02:26]} Ke7 {[%emt 0:03:21]} 26. Kf3 {[%emt 0:01:05]} Kd6 {[%emt 0:03:07]} 27. Nc4+ {[%emt 0:01:20]} Kc6 {[%emt 0:00:17]} 28. Ne3 {[%emt 0:00:41]} g6 {[%emt 0:00:31]} 29. h4 {[%emt 0:01:58]} d4 {[%emt 0:03:12]} 30. Nc4 {[%emt 0:02:09]} Nd5 {[%emt 0:00:26]} 31. Rh1 {[%emt 0:02:23]} Nb4 {[%emt 0:04:44]} 32. Na3 {[%emt 0:08:27]} h5 {[%emt 0:01:16]} 33. Rd1 {[%emt 0:01:39]} Re6 {[%emt 0:01:20]} 34. Rc1 {[%emt 0:01:00]} Na2 {[%emt 0:00:33]} 35. Rd1 {[%emt 0:03:26]} Nc3 {[%emt 0:00:12]} 36. Rd2 {[%emt 0:01:03]} Re1 {[%emt 0:02:23]} 37. Nc4 {[%emt 0:00:57]} f6 {[%emt 0:02:14]} 38. Nb2 {[%emt 0:02:24]} g5 {[%emt 0:02:57]} 39. hxg5 {[%emt 0:03:52]} fxg5 {[%emt 0:00:06]} 40. Nd3 {[%emt 0:02:28]} Re6 {[%emt 0:04:25]} 41. Kg2 {[%emt 0:31:29]} g4 {[%emt 0:36:30]} 42. f4 {[%emt 0:02:07]} gxf3+ {[%emt 0:00:33]} 43. Kxf3 {[%emt 0:00:11]} Re3+ {[%emt 0:00:58]} 44. Kf4 {[%emt 0:02:20]} Ne2+ {[%emt 0:00:53]} 45. Kg5 {[%emt 0:00:14]} Nxg3 {[%emt 0:00:30]} 46. Rg2 {[%emt 0:01:51]} Kd5 {[%emt 0:05:14]} 47. Kh4 {[%emt 0:01:12]} Ne4 {[%emt 0:08:13]} 48. Rg6 {[%emt 0:00:00]} c4 {[%emt 0:00:00]} 49. bxc4+ {[%emt 0:00:00]} Kxc4 {[%emt 0:00:00]} 50. Rxb6 {[%emt 0:00:00]} Re2 {[%emt 0:00:00]} 51. Rc6+ {[%emt 0:00:00]} Kd5 {[%emt 0:00:00]} 52. Nf4+ {[%emt 0:00:00]} Kxc6 {[%emt 0:00:00]} 53. Nxe2 {[%emt 0:00:00]} Kc5 {[%emt 0:00:00]} 54. Kxh5 {[%emt 0:00:00]} Kd5 1/2-1/2

[Event "32nd GER-ch Seniors-65 2020"]
[Site "Magdeburg"]
[Date "2020.08.17"]
[Round "4.2"]
[White "Dresen, Ulrich"]
[Black "Pfitzer, Norbert"]
[Result "1-0"]
[WhiteElo "2230"]
[BlackElo "2068"]
[Annotator "ChessBase"]
[PlyCount "93"]
[EventDate "2020.08.14"]
[EventType "swiss"]
[EventCountry "GER"]
[SourceTitle "playchess.com"]
[Source "ChessBase"]
[SourceQuality "1"]
[TimeControl "40/5400+30:1800+30"]

1. d4 {[%emt 0:00:00]} Nf6 {[%emt 0:00:00]} 2. Nf3 {[%emt 0:00:00]} g6 {[%emt 0:00:00]} 3. c4 {[%emt 0:00:00]} Bg7 {[%emt 0:00:11]} 4. Nc3 {[%emt 0:00:01]} O-O {[%emt 0:00:15]} 5. e4 {[%emt 0:00:07]} d6 {[%emt 0:00:16]} 6. h3 {[%emt 0:00:17]} c5 {[%emt 0:02:59]} 7. d5 {[%emt 0:00:06]} e6 {[%emt 0:04:50]} 8. Bd3 {[%emt 0:00:12]} exd5 {[%emt 0:08:01]} 9. cxd5 {[%emt 0:00:08]} Nfd7 {[%emt 0:03:56]} 10. Bf4 {[%emt 0:01:11]} Ne5 {[%emt 0:00:10]} 11. Nxe5 {[%emt 0:00:25]} Bxe5 {[%emt 0:00:28]} 12. Bxe5 {[%emt 0:00:41]} dxe5 {[%emt 0:00:05]} 13. O-O {[%emt 0:02:25]} Qg5 {[%emt 0:02:27]} 14. Qc1 {[%emt 0:02:30]} Qxc1 {[%emt 0:02:50]} 15. Rfxc1 {[%emt 0:00:17]} Nd7 {[%emt 0:05:22]} 16. a4 {[%emt 0:05:39]} a5 {[%emt 0:08:38]} 17. Bb5 {[%emt 0:01:02]} Nf6 {[%emt 0:00:16]} 18. f3 {[%emt 0:01:37]} Nh5 {[%emt 0:00:41]} 19. Nd1 {[%emt 0:01:09]} b6 {[%emt 0:00:14]} 20. Ne3 {[%emt 0:01:19]} Rb8 {[%emt 0:05:05]} 21. Nc4 {[%emt 0:01:55]} f6 {[%emt 0:00:36]} 22. Ra3 {[%emt 0:00:36]} Rd8 {[%emt 0:05:46]} 23. Rb3 {[%emt 0:02:10]} Nf4 {[%emt 0:00:30]} 24. Rc2 {[%emt 0:00:22]} Kf8 {[%emt 0:00:30]} 25. h4 {[%emt 0:00:28]} h6 {[%emt 0:04:41]} 26. g3 {[%emt 0:02:57]} Nh5 {[%emt 0:02:56]} 27. Kg2 {[%emt 0:03:15]} g5 {[%emt 0:01:21]} 28. hxg5 {[%emt 0:00:36]} hxg5 {[%emt 0:00:09]} 29. Rf2 {[%emt 0:06:13]} Ke7 {[%emt 0:04:50]} 30. Rd3 {[%emt 0:09:55]} Kf7 {[%emt 0:03:44]} 31. Rd1 {[%emt 0:04:04]} Kg6 {[%emt 0:10:13]} 32. Rg1 {[%emt 0:02:23]} Kf7 {[%emt 0:02:12]} 33. Kf1 {[%emt 0:07:09]} Bd7 {[%emt 0:02:17]} 34. Rh2 {[%emt 0:08:00]} Bxb5 {[%emt 0:02:58]} 35. axb5 {[%emt 0:00:04]} Ng7 {[%emt 0:02:42]} 36. Ke2 {[%emt 0:01:55]} Rg8 {[%emt 0:07:39]} 37. Rgh1 {[%emt 0:01:29]} Ne8 {[%emt 0:02:50]} 38. Rh7+ {[%emt 0:01:10]} Rg7 {[%emt 0:00:11]} 39. Rh8 {[%emt 0:00:17]} Rb7 {[%emt 0:00:04]} 40. Rxe8 {[%emt 0:15:17]} Kxe8 {[%emt 0:00:01]} 41. Nd6+ {[%emt 0:31:22]} Kd7 {[%emt 0:30:27]} 42. Nxb7 {[%emt 0:00:35]} Kc7 {[%emt 0:00:03]} 43. Nxc5 {[%emt 0:07:01]} bxc5 {[%emt 0:00:04]} 44. Rh6 {[%emt 0:06:26]} Rf7 {[%emt 0:00:04]} 45. Kd3 {[%emt 0:00:57]} f5 {[%emt 0:00:29]} 46. Rc6+ {[%emt 0:01:09]} Kb7 {[%emt 0:00:02]} 47. d6 {[%emt 0:02:32]} 1-0

[Event "32nd GER-ch Seniors-65 2020"]
[Site "Magdeburg"]
[Date "2020.08.17"]
[Round "4.3"]
[White "Syre, Christian"]
[Black "Bogorad, Michail"]
[Result "1-0"]
[WhiteElo "2222"]
[BlackElo "2064"]
[Annotator "ChessBase"]
[PlyCount "85"]
[EventDate "2020.08.14"]
[EventType "swiss"]
[EventCountry "GER"]
[SourceTitle "playchess.com"]
[Source "ChessBase"]
[SourceQuality "1"]
[TimeControl "40/5400+30:1800+30"]

1. c4 {[%emt 0:00:00]} c5 {[%emt 0:00:00]} 2. b3 {[%emt 0:01:20]} Nf6 {[%emt 0:00:08]} 3. Bb2 {[%emt 0:00:02]} d6 {[%emt 0:04:45]} 4. g3 {[%emt 0:00:58]} Bd7 {[%emt 0:00:37]} 5. Bg2 {[%emt 0:00:27]} Bc6 {[%emt 0:00:38]} 6. Nf3 {[%emt 0:00:12]} e5 {[%emt 0:01:29]} 7. Nc3 {[%emt 0:01:27]} g6 {[%emt 0:06:45]} 8. O-O {[%emt 0:01:56]} Bg7 {[%emt 0:00:10]} 9. e3 {[%emt 0:10:38]} O-O {[%emt 0:07:06]} 10. d4 {[%emt 0:01:24]} exd4 {[%emt 0:20:56]} 11. exd4 {[%emt 0:00:02]} cxd4 {[%emt 0:01:24]} 12. Ne2 {[%emt 0:09:26]} d5 {[%emt 0:03:33]} 13. c5 {[%emt 0:14:23]} Qa5 {[%emt 0:13:23]} 14. Bxd4 {[%emt 0:04:50]} Nbd7 {[%emt 0:02:03]} 15. a3 {[%emt 0:08:33]} Rfe8 {[%emt 0:01:10]} 16. b4 {[%emt 0:03:59]} Qa6 {[%emt 0:11:36]} 17. Nc3 {[%emt 0:05:07]} Qc4 {[%emt 0:05:03]} 18. Rc1 {[%emt 0:05:55]} Qa6 {[%emt 0:02:05]} 19. a4 {[%emt 0:00:47]} Ne4 {[%emt 0:04:02]} 20. b5 {[%emt 0:04:27]} Nxc3 {[%emt 0:00:03]} 21. Bxc3 {[%emt 0:01:07]} Bxb5 {[%emt 0:00:30]} 22. axb5 {[%emt 0:00:00]} Qxb5 {[%emt 0:00:22]} 23. Bxg7 Kxg7 {[%emt 0:00:06]} 24. Nd4 {[%emt 0:02:54]} Qa5 {[%emt 0:01:59]} 25. Bxd5 {[%emt 0:03:10]} Nxc5 {[%emt 0:00:40]} 26. Nf5+ {[%emt 0:01:58]} gxf5 {[%emt 0:03:06]} 27. Qd4+ {[%emt 0:00:02]} Kg6 {[%emt 0:02:12]} 28. Rxc5 {[%emt 0:00:06]} Qd8 {[%emt 0:00:15]} 29. Bxf7+ {[%emt 0:03:20]} Kxf7 {[%emt 0:01:13]} 30. Rxf5+ {[%emt 0:00:03]} Kg8 {[%emt 0:00:56]} 31. Qg4+ {[%emt 0:05:18]} Kh8 {[%emt 0:00:13]} 32. Rf7 {[%emt 0:02:36]} Rg8 {[%emt 0:00:47]} 33. Qh5 {[%emt 0:01:08]} Rg7 {[%emt 0:00:16]} 34. Rxg7 {[%emt 0:00:12]} Kxg7 {[%emt 0:00:29]} 35. Rd1 {[%emt 0:00:04]} Qe7 {[%emt 0:03:43]} 36. Qg4+ {[%emt 0:00:11]} Kh8 {[%emt 0:00:37]} 37. Rd7 {[%emt 0:00:53]} Qe1+ {[%emt 0:01:43]} 38. Kg2 {[%emt 0:00:17]} Qe5 {[%emt 0:00:28]} 39. Qh4 {[%emt 0:05:50]} Qf5 {[%emt 0:00:53]} 40. Qc4 h5 41. Qh4 Qe5 42. Qc4 Rf8 43. Qc2 1-0

[Event "32nd GER-ch Seniors-65 2020"]
[Site "Magdeburg"]
[Date "2020.08.17"]
[Round "4.4"]
[White "Schulz, Michael"]
[Black "Esswein, Karlheinz"]
[Result "1-0"]
[WhiteElo "2132"]
[BlackElo "2036"]
[Annotator "TA"]
[PlyCount "61"]
[EventDate "2020.08.14"]
[EventType "swiss"]
[EventCountry "GER"]
[SourceTitle "playchess.com"]
[Source "ChessBase"]
[SourceQuality "1"]

{[%evp 9,61,27,48,39,39,40,39,39,34,24,31,13,54,22,62,54,68,42,42,0,7,-12,55,10,15,15,22,4,24,21,36,41,187,169,211,211,268,249,239,248,246,241,271,229,956,797,29982,29979,29979,29976,29972,1072,5473,4111]} 1. d4 d6 2. e4 g6 3. Nc3 Bg7 4. Be2 a6 5. a4 Nd7 6. Nf3 {B06: Modern Defence.} b6 7. O-O Bb7 8. h3 {White is slightly better.} e6 9. Bg5 Ne7 10. Qd2 O-O 11. Bh6 {[#]} c6 $146 ({Predecessor:} 11... d5 12. Bxg7 Kxg7 13. exd5 exd5 14. Rfe1 Nf5 15. Bd3 Nd6 16. Qf4 Nf6 17. Ne2 Nfe4 {0-1 (33) Vidovic,S-Felecan,F (2335) Rimavska Sobota 1996}) 12. Bxg7 Kxg7 13. Qf4 Qc7 14. Qh4 Rae8 15. Rad1 b5 (15... d5 $11) 16. axb5 (16. Ng5 h6 $15) 16... cxb5 17. Bd3 ({Don't play} 17. Ng5 h6 $17) 17... Ng8 18. Rfe1 Qd8 19. Qg3 Qe7 20. e5 $36 {[%mdl 2048] White is more active.} d5 {Black cannot hold the game after this.} ({Better is} 20... dxe5 $14 21. dxe5 (21. Nxe5 Ngf6 $14) 21... Bxf3 22. Qxf3 Rd8) 21. h4 $18 Bc6 22. h5 b4 23. Ne2 Bb5 24. Nf4 Bxd3 25. Rxd3 ({But not} 25. cxd3 $6 Nh6 $16) 25... Rc8 26. Ng5 Rfe8 $2 {[#]} (26... h6) 27. Nxh7 $1 {[%mdl 576] Remove Defender} Kxh7 28. hxg6+ Kg7 29. gxf7+ Kxf7 30. Qg6+ Kf8 {[#]} 31. Rf3 $1 {[%mdl 33280] Accuracy: White = 83%, Black = 48%. . An unexpected result.} 1-0